[Event "GER-ch U25 op"]
[Site "Willingen"]
[Date "2008.05.13"]
[Round "4"]
[White "Alt, Elisabeth"]
[Black "Kinzel, Franziska"]
[Result "0-1"]
[WhiteElo "1275"]
[BlackElo "1526"]
[PlyCount "166"]
[EventDate "2008.05.11"]
[EventType "swiss"]
[EventRounds "9"]
[EventCountry "GER"]
[SourceTitle "CBM 124 Extra"]
[Source "ChessBase"]
[SourceDate "2008.07.03"]
[SourceVersion "1"]
[SourceVersionDate "2008.07.03"]
[SourceQuality "1"]

1. e4 c6 2. d4 d5 3. e5 Bf5 4. Nf3 e6 5. Bd3 Bxd3 6. Qxd3 Ne7 7. Bd2 Ng6 8. Nc3 Be7 9. 0-0-0 Nd7 10. Kb1 Qc7 11. a3 0-0 12. h4 Rfc8 13. h5 Ngf8 14. h6 g6 15. Bg5 Nb6 16. Bxe7 Qxe7 17. Nd2 a6 18. Rh3 c5 19. dxc5 Rxc5 20. f4 Rac8 21. Qd4 Nc4 22. Nxc4 Rxc4 23. Qd2 Qc5 24. Rc1 b5 25. g4 b4 26. axb4 Qxb4 27. f5 Rb8 28. b3 Rbc8 29. Qg5 Nd7 30. fxe6 fxe6 31. Na2 Rxg4 32. Nxb4 Rxg5 33. Nxa6 Rxe5 34. Rf1 Rf5 35. Re1 Kf7 36. Rhe3 e5 37. Nb4 d4 38. R3e2 g5 39. Nd3 Re8 40. Kb2 Kg6 41. c3 dxc3+ 42. Kxc3 Kxh6 43. Kc4 Kg6 44. Kd5 Nf6+ 45. Kc4 e4 46. Nf2 Rfe5 47. Kd4 Rd5+ 48. Kc3 Rde5 49. Kd4 Kf5 50. Rf1 Rd5+ 51. Kc3 Kg6 52. Rfe1 Rde5 53. Kd4 h5 54. b4 Rb5 55. Kc4 Reb8 56. Rb2 Kf5 57. Rb3 g4 58. Nd1 Nd5 59. Ne3+ Nxe3+ 60. Rexe3 Kf4 61. Rec3 h4 62. Rc1 g3 63. Rf1+ Kg4 64. Re1 Re5 65. Kd4 Rbe8 66. Rbe3 g2 67. b5 Rxb5 68. Rg1 h3 69. Rc3 Rb2 70. Rxh3 Kxh3 71. Ke3 Kh2 72. Rxg2+ Rxg2 73. Kf4 Rf2+ 74. Ke3 Kg3 75. Kd4 Rd2+ 76. Ke3 Rd3+ 77. Ke2 Rf8 78. Ke1 Re3+ 79. Kd1 Rd8+ 80. Kc2 Red3 81. Kb2 Rc8 82. Ka2 Rb8 83. Ka1 Ra3# 0-1

[Event "GER-ch U25 op"]
[Site "Willingen"]
[Date "2008.05.12"]
[Round "3"]
[White "Kinzel, Franziska"]
[Black "Haeussler, Daniel"]
[Result "0-1"]
[WhiteElo "1526"]
[BlackElo "1919"]
[PlyCount "84"]
[EventDate "2008.05.11"]
[EventType "swiss"]
[EventRounds "9"]
[EventCountry "GER"]
[SourceTitle "CBM 124 Extra"]
[Source "ChessBase"]
[SourceDate "2008.07.03"]
[SourceVersion "1"]
[SourceVersionDate "2008.07.03"]
[SourceQuality "1"]

1. b3 Nf6 2. Bb2 d5 3. g3 Nc6 4. Bg2 e5 5. e3 Bd6 6. Ne2 0-0 7. 0-0 Be6 8. h3 Qd7 9. Kh2 Ne8 10. d3 f5 11. f4 a5 12. Nd2 a4 13. Rb1 a3 14. Ba1 exf4 15. exf4 Nb4 16. Nf3 c5 17. Ng5 Nc7 18. Qd2 Rad8 19. Rbe1 Rfe8 20. c3 Nc6 21. Qc1 h6 22. Nxe6 Rxe6 23. Qd1 Rde8 24. Ng1 b5 25. Nf3 Bf8 26. Rxe6 Rxe6 27. d4 cxd4 28. Nxd4 Nxd4 29. Qxd4 Re2 30. Rf2 Re1 31. Rf1 Qe6 32. Rxe1 Qxe1 33. c4 dxc4 34. bxc4 b4 35. Bd5+ Nxd5 36. Qxd5+ Kh8 37. Qxf5 Qxa1 38. Qxf8+ Kh7 39. Qf5+ g6 40. Qd7+ Qg7 41. Qxg7+ Kxg7 42. c5 Kf7 0-1

[Event "GER-ch U25 op"]
[Site "Willingen"]
[Date "2008.05.11"]
[Round "2"]
[White "Wachinger, David"]
[Black "Kinzel, Franziska"]
[Result "0-1"]
[WhiteElo "1179"]
[BlackElo "1526"]
[PlyCount "120"]
[EventDate "2008.05.11"]
[EventType "swiss"]
[EventRounds "9"]
[EventCountry "GER"]
[SourceTitle "CBM 124 Extra"]
[Source "ChessBase"]
[SourceDate "2008.07.03"]
[SourceVersion "1"]
[SourceVersionDate "2008.07.03"]
[SourceQuality "1"]

1. d4 c6 2. c4 d5 3. Nc3 Nf6 4. Bg5 e6 5. Nf3 Be7 6. e3 Nbd7 7. Bd3 0-0 8. 0-0 Bd6 9. Qc2 h6 10. Bxf6 Qxf6 11. Rfe1 Qd8 12. a3 f6 13. Bh7+ Kh8 14. Nh4 f5 15. Ng6+ Kxh7 16. Nxf8+ Qxf8 17. cxd5 exd5 18. Rac1 Nf6 19. Ne2 g6 20. Rf1 Qe7 21. Qd3 Bd7 22. h3 Re8 23. Rc2 f4 24. exf4 Bf5 25. Qf3 Bxc2 26. Re1 Be4 27. Qe3 Bf5 28. Ng3 Qxe3 29. Rxe3 Rxe3 30. fxe3 Be4 31. Kf2 g5 32. fxg5 Bxg3+ 33. Kxg3 hxg5 34. h4 gxh4+ 35. Kxh4 Kg6 36. g4 Bf3 37. g5 Ne4 38. Kh3 Nxg5+ 39. Kh2 Kf5 40. Kg3 Ke4 41. Kf2 Nh3+ 42. Kg3 Kxe3 43. Kxh3 Kxd4 44. Kg3 Ke4 45. Kf2 d4 46. Ke1 c5 47. Kd2 c4 48. Kc1 b5 49. Kd2 d3 50. Ke1 Ke3 51. Kf1 d2 52. Kg1 d1Q+ 53. Kh2 Qh1+ 54. Kg3 Bc6 55. Kg4 Qf3+ 56. Kg5 Be8 57. Kh6 Qg4 58. Kh7 Qg6+ 59. Kh8 Bf7 60. b4 Qg8# 0-1

[Event "GER-chT U20 Girls"]
[Site "Torgelow"]
[Date "2006.12.29"]
[Round "6.2"]
[White "Kinzel, Franziska"]
[Black "Erben, Larissa"]
[Result "0-1"]
[WhiteElo "1459"]
[BlackElo "1867"]
[PlyCount "82"]
[EventDate "2006.12.27"]
[EventType "team-swiss"]
[EventRounds "7"]
[EventCountry "GER"]
[SourceTitle "EXT 2008"]
[Source "ChessBase"]
[SourceDate "2007.11.25"]
[SourceVersion "1"]
[SourceVersionDate "2007.11.25"]
[SourceQuality "1"]
[WhiteTeam "Stadtilm Blau Weiss U20 Girls"]
[BlackTeam "Stuttgart Wolfbusch U20 Girls"]
[WhiteTeamCountry "GER"]
[BlackTeamCountry "GER"]

1. e4 c5 2. Nf3 e6 3. d4 cxd4 4. Nxd4 Nc6 5. Nc3 Qc7 6. Be2 Nf6 7. 0-0 Bb4 8. Nxc6 bxc6 9. Bd3 0-0 10. Qe2 d5 11. e5 Nd7 12. f4 Nc5 13. a3 Nxd3 14. Qxd3 Be7 15. Rf3 f5 16. exf6 Bxf6 17. Bd2 Qb6+ 18. Kh1 Ba6 19. Na4 Bxd3 20. Nxb6 axb6 21. Rxd3 Bxb2 22. Rb1 Bxa3 23. Rxb6 Bc5 24. Rb1 Ra2 25. c3 Rf5 26. g4 Rf8 27. Rb7 e5 28. Be3 Bxe3 29. Rxe3 Rxf4 30. Rb8+ Kf7 31. Rb1 e4 32. h3 Ke6 33. Kg1 Raf2 34. Rbe1 Ke5 35. Rd1 R2f3 36. Rde1 Rxe3 37. Rxe3 Rf3 38. Rxf3 exf3 39. Kf2 Kf4 40. g5 g6 41. h4 Ke4 0-1

[Event "GER-ch op U25"]
[Site "Willingen"]
[Date "2006.06.06"]
[Round "5"]
[White "Stoevesand, Peter"]
[Black "Kinzel, Franziska"]
[Result "1-0"]
[WhiteElo "1050"]
[BlackElo "1426"]
[PlyCount "39"]
[EventDate "2006.06.04"]
[EventType "swiss"]
[EventRounds "9"]
[EventCountry "GER"]
[SourceTitle "EXT 2007"]
[Source "ChessBase"]
[SourceDate "2006.11.23"]
[SourceVersion "1"]
[SourceVersionDate "2006.11.23"]
[SourceQuality "1"]

1. e4 c6 2. d4 d5 3. Nc3 a6 4. Nf3 dxe4 5. Nxe4 Nd7 6. Bc4 e6 7. Ng3 Bd6 8. 0-0 Ne7 9. Qd3 b5 10. Bb3 Bb7 11. Ne4 Bc7 12. c3 Bb6 13. Nd6+ Kf8 14. Nxb7 Qc7 15. Nc5 Nxc5 16. dxc5 Bxc5 17. Nd4 Rd8 18. Qe4 Nd5 19. Qf3 Bd6 20. Nxe6+ 1-0

[Event "GER-chT U14 Girls"]
[Site "Dittrichshuette"]
[Date "2004.12.28"]
[Round "3.3"]
[White "Kinzel, Franziska"]
[Black "Diefenbach, Theresa"]
[Result "1-0"]
[WhiteElo "1136"]
[BlackElo "1110"]
[PlyCount "67"]
[EventDate "2004.12.27"]
[EventType "team"]
[EventRounds "6"]
[EventCountry "GER"]
[SourceTitle "EXT 2006"]
[Source "ChessBase"]
[SourceDate "2005.11.24"]
[SourceVersion "1"]
[SourceVersionDate "2005.11.24"]
[SourceQuality "1"]

1. e4 e5 2. Nf3 Nc6 3. Bc4 Nd4 4. Nxd4 exd4 5. d3 Bc5 6. Bf4 d6 7. Nd2 Nf6 8. a3 d5 9. exd5 Nxd5 10. Qe2+ Kf8 11. Bg3 c6 12. 0-0 Qe7 13. Rae1 Qxe2 14. Rxe2 Nf6 15. b4 Bb6 16. Bd6+ Kg8 17. Rfe1 h6 18. Re7 Kh7 19. Rxf7 Re8 20. Rfe7 Rxe7 21. Rxe7 a5 22. b5 cxb5 23. Bxb5 Nd5 24. Re5 Nc7 25. Bxc7 Bxc7 26. Rd5 Bf4 27. Nf3 Bc1 28. a4 Bb2 29. Nxd4 Bxd4 30. Rxd4 Bf5 31. h3 Rc8 32. c4 b6 33. g4 Be6 34. f4 1-0

[Event "GER-chT Lands U20"]
[Site "Bad Sulza"]
[Date "2004.11.16"]
[Round "2.7"]
[White "Huhnstock, Rico"]
[Black "Kinzel, Franziska"]
[Result "1-0"]
[WhiteElo "1371"]
[BlackElo "1136"]
[PlyCount "163"]
[EventDate "2004.11.15"]
[EventType "team-swiss"]
[EventRounds "7"]
[EventCountry "GER"]
[SourceTitle "EXT 2006"]
[Source "ChessBase"]
[SourceDate "2005.11.24"]
[SourceVersion "1"]
[SourceVersionDate "2005.11.24"]
[SourceQuality "1"]

1. e4 e5 2. Nf3 Nc6 3. Bc4 Bc5 4. c3 Nf6 5. d4 exd4 6. cxd4 Bb4+ 7. Bd2 Bxd2+ 8. Nbxd2 0-0 9. 0-0 d5 10. exd5 Nxd5 11. Nb3 Bg4 12. Bb5 Nce7 13. Be2 Bxf3 14. Bxf3 c6 15. Qd2 a5 16. Rad1 a4 17. Nc5 b6 18. Ne4 Ra7 19. Nc3 b5 20. Rfe1 Rd7 21. Bg4 f5 22. Bf3 Rf6 23. Nxd5 Nxd5 24. Re5 Qb8 25. Rde1 Rd8 26. Bxd5+ cxd5 27. Qg5 h6 28. Qh5 Qc8 29. Qf3 Qd7 30. Qg3 Rf7 31. Re6 f4 32. Qg6 Rdf8 33. h3 Rf6 34. Re7 Rxg6 35. Rxd7 f3 36. g3 Rf5 37. Rb7 h5 38. Kh2 Rgf6 39. Rxb5 g5 40. Rb8+ Kg7 41. Re7+ Kg6 42. Rg8+ Kh6 43. Rgg7 Rb6 44. Rh7+ Kg6 45. Reg7+ Kf6 46. Rh6+ Kxg7 47. Rxb6 Rf7 48. Rb5 Rd7 49. b3 axb3 50. axb3 Kg6 51. g4 hxg4 52. hxg4 Rf7 53. Rb6+ Kg7 54. Kg3 Rf4 55. b4 Rxd4 56. Kxf3 Rd3+ 57. Ke2 Rb3 58. Rb5 Kf6 59. Rb8 Ke6 60. b5 Ke5 61. b6 Ke4 62. f3+ Kd4 63. b7 Rb2+ 64. Kd1 Rb5 65. Ke2 Rb2+ 66. Kf1 Rb1+ 67. Kg2 Rb2+ 68. Kg3 Rb3 69. Kh2 Rb2+ 70. Kg3 Rb3 71. Rg8 Rxb7 72. Rxg5 Rb3 73. Rh5 Rb8 74. g5 Ke5 75. g6+ Kf6 76. Rxd5 Kxg6 77. f4 Rg8 78. Kf3 Kf6 79. f5 Re8 80. Kf4 Kf7 81. Rd6 Re7 82. Kg5 1-0